[Event "Brasschaat op 17th"]
[Site "Brasschaat"]
[Date "2017.08.25"]
[Round "7"]
[White "Raats, Joppe"]
[Black "Van Hassel, CAM"]
[Result "0-1"]
[WhiteElo "1782"]
[BlackElo "2118"]
[PlyCount "102"]
[EventDate "2017.08.19"]
[EventType "swiss"]
[EventRounds "9"]
[EventCountry "BEL"]
[SourceTitle "CBM 180 Extra"]
[Source "ChessBase"]
[SourceDate "2017.10.06"]
[SourceVersion "1"]
[SourceVersionDate "2017.10.06"]
[SourceQuality "1"]

1. e4 d6 2. d4 Nf6 3. Nc3 g6 4. Nf3 Bg7 5. Bc4 0-0 6. 0-0 c6 7. Bg5 Bg4 8. h3 Bxf3 9. Qxf3 Nbd7 10. Rfe1 e5 11. d5 c5 12. Bb5 Qb8 13. a4 a6 14. Bf1 b6 15. Qe3 Qc7 16. f4 exf4 17. Qxf4 Rfe8 18. g4 c4 19. Bh4 h6 20. Bg3 Ne5 21. Qe3 Nfd7 22. Bg2 Qc5 23. Qxc5 bxc5 24. h4 Rab8 25. Ra2 Nf6 26. Bxe5 Rxe5 27. Bf3 Re7 28. Nd1 Nxd5 29. c3 Nf4 30. Ne3 d5 31. Ng2 Nxg2 32. Kxg2 Rbe8 33. Raa1 dxe4 34. Be2 e3 35. Bxc4 Re4 36. Be2 a5 37. Kf3 f5 38. gxf5 gxf5 39. Bd3 R4e5 40. Rad1 Bf6 41. Bb5 R8e7 42. Bc4+ Kh7 43. h5 Bg5 44. Rd5 Rxd5 45. Bxd5 Kg7 46. Rd1 Kf6 47. Bc4 Re4 48. b3 Rf4+ 49. Kg3 Rf2 50. Rh1 Ke5 51. Kh3 Bf4 0-1